000 00546nam a2200181 a 4500
001 3363
005 20140414131921.0
008 040526s19uu xx 00 eng d
020 _a0-7214-2583-6
050 _aER
_bSk9 1996
245 _aSky dancers: one for all.
260 _aLeicestershire, UK :
_bLadybird Books,
_c1996.
300 _a27 p. : ill. ; cm.
520 _aWill Sky Clone and his three mischievous imps be able to destroy their friendship?
650 _aAdventures--Fiction.
650 _aChildren stories.
999 _c111780
_d111780